Средства отображения информации: учебное пособие

التفاصيل البيبلوغرافية
المؤلف الرئيسي: Яблонский Ф. М. Феликс Максимович
مؤلفون آخرون: Троицкий Ю. В. Юрий Валентинович
اللغة:الروسية
منشور في: Москва, Высшая школа, 1985
الموضوعات:
التنسيق: كتاب
KOHA link:https://koha.lib.tpu.ru/cgi-bin/koha/opac-detail.pl?biblionumber=35100

MARC

LEADER 00000nam0a2200000 4500
001 35100
005 20231030232607.0
035 |a (RuTPU)RU\TPU\book\35520 
035 |a BOOK00002172 
090 |a 35100 
100 |a 20011210d1985 m y0rusy50 ca 
101 0 |a rus 
102 |a RU 
105 |a y j 000zy 
200 1 |a Средства отображения информации  |e учебное пособие  |f Ф. М. Яблонский, Ю. В. Троицкий 
210 |a Москва  |c Высшая школа  |d 1985 
215 |a 200 с. 
610 1 |a отображения устройств 
610 1 |a средства обработки 
610 1 |a проектирование 
610 1 |a информация 
610 1 |a построение дисплеев 
610 1 |a расчеты 
610 1 |a учебные пособия 
675 |a 681.327.12(075.8)  |v 3 
700 1 |a Яблонский  |b Ф. М.  |g Феликс Максимович 
701 1 |a Троицкий  |b Ю. В.  |g Юрий Валентинович 
801 0 |a RU  |b 63413507  |c 20011210  |g PSBO 
801 2 |a RU  |b 63413507  |c 20160831  |g PSBO 
900 |a Средства обработки и отображения информации 
942 |c BK